| 000 | 00888cab a2200253 4500 | ||
|---|---|---|---|
| 001 | WB3242-50 | ||
| 008 | 090401t1996 xxu||||| |||| 00| 0 eng d | ||
| 035 | _a(Sirsi) u44846 | ||
| 041 | _aeng | ||
| 245 | _aDemonstrable harm | ||
| 260 | _c1996 | ||
| 350 | _a0 | ||
| 490 |
_aEstates Gazette Case Summaries _v[1996] EGCS 163, (2 November 1996) (1) |
||
| 520 | _a"Clowes Developments (UK) Ltd v SoS Environment and another" QBD 18 October 1996. An appeal against refusal of planning permission due to noise levels, is allowed, when the number of noise events under PPG24 is defined. | ||
| 650 | _aAIRCRAFT NOISE | ||
| 650 | _aCLOWES DEVELOPMENTS UK LTD V SOS ENVIRONMENT AND ANOTHER | ||
| 650 | _aNOISE LEVELS | ||
| 650 | _aPLANNING PERMISSION | ||
| 650 | _aPPG24 | ||
| 650 | _aREFUSAL | ||
| 690 | _aPLANNING LAW AND PRACTICE-CASE LAW | ||
| 942 | _n0 | ||
| 948 | _c04/03/1997 | ||
| 999 |
_c28496 _d28496 |
||